| 000 | 00495cam a2200193ua 4500 | ||
|---|---|---|---|
| 020 | _c30.00 | ||
| 041 |
_aeng _h |
||
| 082 |
_a634.32 _bRAJ/GR |
||
| 100 | _aRajmani pandey, . | ||
| 245 |
_aGrape in India / _cRajmani pandey. _hTextual Documents |
||
| 250 |
_a1 / _b. |
||
| 260 |
_aNew Delhi : _bIndian Council for Agricultural Research , _c1996. |
||
| 300 | _a115 ; . | ||
| 365 | _a30.00 | ||
| 504 | _a | ||
| 700 | 1 | _aShyamnagina pandey, . | |
| 942 | _cBK | ||
| 999 |
_c1303 _d1303 |
||